000 01378cam a22003611i 4500
001 22775244
003 OSt
005 20260401104634.0
008 220827s2023 enka 001 0 eng d
010 _a 2022945672
020 _a9780500025024
_qpaperback
020 _a0500025029
_qpaperback
040 _aItFiC
_beng
_erda
_cItFiC
043 _ae-uk---
050 0 0 _aNA997.J65
_bF73 2023
082 _a720.922 F74 2023
100 1 _aFrampton, Kenneth,
_eauthor.
_0http://id.loc.gov/authorities/names/n79108317
245 1 0 _aMaking architecture :
_bthe work of John McAslan + Partners /
_cKenneth Frampton [and five others].
264 1 _aLondon ;
_aNew York :
_bThames & Hudson Ltd,
_c2023.
264 4 _c2023.
300 _a352 pages :
_billustrations (chiefly color) ;
_c28 cm
336 _atext
_btxt
_2rdacontent
336 _astill image
_2rdacontent
337 _aunmediated
_bn
_2rdamedia
338 _avolume
_bnc
_2rdacarrier
500 _aIncludes index.
610 2 0 _aJohn McAslan & Partners
_0http://id.loc.gov/authorities/names/nr00020218
650 0 _aArchitecture, Modern
_y21st century.
650 0 _aArchitecture
_zGreat Britain
_xHistory
_y21st century.
906 _a7
_bcbc
_corignew
_d2
_eepcn
_f20
_gy-gencatlg
942 _2ddc
_cBK-EN
_n0
999 _c8699
_d8699